00273nam a2200121Ia 4500003000400000008004100004020001800045100001800063245003500081260001900116300000800135650000800143OSt191201s2015 xx 000 0 und d a9788121930772 aCHOPRA, Rajiv 0aAdvanced Computer Architecture bS. Chandc2015 a502 aMCA